000 00711cam a22002293a 4500
001 12029
003 PGUSA
005 20140828083243.0
008 040401s2004||||xxu|||||s|||||000 | eng d
040 _aPGUSA
_beng
042 _adc
050 4 _aE300
100 1 _aConway, Moncure Daniel,
_d1832-1907
245 1 0 _aGeorge Washington's Rules of Civility :
_bTraced to their Sources and Restored by Moncure D. Conway
_h[electronic resource] /
_cMoncure Daniel Conway
260 _bProject Gutenberg,
_c2004
506 _aPublic domain in the USA.
516 _aElectronic text
653 _aEtiquette
830 0 _aProject Gutenberg
_v12029
856 4 0 _uhttp://www.gutenberg.org/ebooks/12029
942 _cEB
999 _c241284
_d241284